000
00275nam a2200109Ia 4500
008
190216s9999||||xx |||||||||||||| ||und||
100
_a
Damodar Darmanand Kosambi
245
0
_a
Thiranjedutha Prabandangal
260
_b
Janaskti Publications
650
_a
Lekhanam
942
_c
BK
999
_c
26667
_d
26667